[Event "FRA-chT4"]
[Site "France"]
[Date "2013.02.10"]
[Round "6"]
[White "Waczecka, Jerome"]
[Black "Marchal, Ludovic"]
[Result "1/2-1/2"]
[WhiteElo "1719"]
[BlackElo "1560"]
[PlyCount "81"]
[EventDate "2012.10.24"]
[EventType "team-swiss"]
[EventRounds "9"]
[EventCountry "FRA"]
[SourceTitle "EXT 2014"]
[Source "ChessBase"]
[SourceDate "2013.11.20"]
[SourceVersion "1"]
[SourceVersionDate "2013.11.20"]
[SourceQuality "1"]

1. d4 Nf6 2. Nf3 g6 3. Bg5 Ne4 4. Bh4 Bg7 5. Nbd2 d5 6. e3 c5 7. c3 Qb6 8. Qc2 Nxd2 9. Nxd2 cxd4 10. exd4 Nc6 11. Bd3 0-0 12. f4 Nxd4 13. cxd4 Qxd4 14. Bf2 Qxb2 15. Qxb2 Bxb2 16. Rb1 Bc3 17. Rd1 Bg4 18. Be2 Bxe2 19. Kxe2 b6 20. Nb1 Bf6 21. Rxd5 Rfc8 22. Rhd1 Rc2+ 23. R1d2 Rac8 24. Rxc2 Rxc2+ 25. Rd2 Rc4 26. g3 e6 27. Na3 Ra4 28. Nb5 a6 29. Bd4 Bxd4 30. Nxd4 b5 31. Kd3 Kg7 32. Nb3 Rc4 33. Rc2 Rxc2 34. Kxc2 Kf6 35. Nc5 a5 36. Nb7 a4 37. Kc3 h5 38. Nd6 e5 39. fxe5+ Kxe5 40. Nxf7+ Ke6 41. Ng5+ 1/2-1/2

[Event "FRA-chT4 0304"]
[Site "Champagne Ardenne"]
[Date "2004.03.14"]
[Round "6"]
[White "Marchal, Ludovic"]
[Black "Pierlot, Aurore"]
[Result "0-1"]
[WhiteElo "1400"]
[BlackElo "1300"]
[PlyCount "59"]
[EventDate "2003.10.??"]
[EventRounds "6"]
[EventCountry "FRA"]
[SourceTitle "EXT 2005"]
[Source "ChessBase"]
[SourceDate "2004.11.15"]
[SourceVersion "1"]
[SourceVersionDate "2004.11.15"]
[SourceQuality "1"]

1. c4 e5 2. Nc3 Bb4 3. g3 Bxc3 4. dxc3 d6 5. Bg2 Nf6 6. e4 Nc6 7. Ne2 Be6 8. b3 0-0 9. 0-0 h6 10. h3 Qd7 11. Kh2 g5 12. Qc2 Kh7 13. Be3 Rg8 14. Rad1 g4 15. h4 Rg6 16. Qd2 Rag8 17. Qc1 b6 18. Rd2 Rd8 19. Rfd1 Qe7 20. Kg1 a5 21. Rf1 h5 22. Bg5 Qf8 23. f4 gxf3 24. Bxf3 Bh3 25. Rf2 Qg7 26. Qc2 Rxg5 27. hxg5 Qxg5 28. Nd4 Qxg3+ 29. Bg2 Nxd4 30. cxd4 0-1

[Event "FRA-chT4 0304"]
[Site "Champagne Ardenne"]
[Date "2003.11.16"]
[Round "2"]
[White "Delias, Gerard"]
[Black "Marchal, Ludovic"]
[Result "0-1"]
[WhiteElo "1499"]
[BlackElo "1420"]
[PlyCount "100"]
[EventDate "2003.10.??"]
[EventRounds "6"]
[EventCountry "FRA"]
[SourceTitle "EXT 2005"]
[Source "ChessBase"]
[SourceDate "2004.11.15"]
[SourceVersion "1"]
[SourceVersionDate "2004.11.15"]
[SourceQuality "1"]

1. c4 e5 2. Nc3 Nf6 3. d3 g6 4. Nf3 d6 5. g3 Bg7 6. Bg2 0-0 7. 0-0 h6 8. e4 Nc6 9. Be3 Bd7 10. h3 Qc8 11. Kh2 Kh7 12. Nd5 Ng8 13. Nd2 f5 14. Rb1 f4 15. gxf4 exf4 16. Bxf4 Rxf4 17. Nxf4 Be5 18. Rh1 Bxf4+ 19. Kg1 Be5 20. Nf3 Bg7 21. d4 Nge7 22. Qd2 Qf8 23. Kh2 Qf7 24. Kg1 Rd8 25. b3 Qf6 26. Rd1 g5 27. d5 Ne5 28. Nxe5 Qxe5 29. f3 Ng6 30. h4 gxh4 31. Rf1 Qd4+ 32. Qf2 h3 33. Bxh3 Bxh3 34. Rxh3 Qxf2+ 35. Kxf2 Nf4 36. Rg3 Bd4+ 37. Ke1 Rd7 38. Kd2 Rg7 39. Rg4 Be5 40. Rfg1 Nh3 41. R1g2 h5 42. Rxg7+ Bxg7 43. Rh2 Nf4 44. Ke3 Be5 45. Rh4 Ng2+ 46. Kf2 Nxh4 47. Ke3 Ng2+ 48. Kf2 Nf4 49. a3 h4 50. b4 Bd4+ 0-1